[Event "RSA-chT U20A"]
[Site "Boksburg"]
[Date "2018.12.20"]
[Round "7.2"]
[White "Janse Van Vuren, Aj"]
[Black "Waters, Anre"]
[Result "0-1"]
[WhiteElo "1084"]
[BlackElo "1576"]
[PlyCount "58"]
[EventDate "2018.12.16"]
[EventType "team-tourn"]
[EventRounds "7"]
[EventCountry "RSA"]
[SourceTitle "EXT 2020"]
[Source "ChessBase"]
[SourceDate "2019.10.17"]
[SourceVersion "1"]
[SourceVersionDate "2019.10.17"]
[SourceQuality "1"]
[WhiteTeam "Bojanala Platina U20"]
[BlackTeam "Ekurhuleni U20"]
[WhiteTeamCountry "RSA"]
[BlackTeamCountry "RSA"]

1. e4 c5 2. Nc3 d6 3. Nf3 Nc6 4. Bc4 e6 5. 0-0 Nf6 6. a3 Be7 7. d3 0-0 8. Be3 d5 9. exd5 exd5 10. Nxd5 Nxd5 11. Re1 Bg4 12. h3 Bh5 13. Bb5 Nxe3 14. Rxe3 Nd4 15. Ba4 Nxf3+ 16. gxf3 Bd6 17. c3 Qg5+ 18. Kf1 Qh4 19. Ke2 Qxh3 20. Ke1 Bf4 21. Qe2 Bxe3 22. Qxe3 Qh1+ 23. Ke2 Qxa1 24. Qd2 Rae8+ 25. Bxe8 Rxe8+ 26. Qe3 Rxe3+ 27. fxe3 Qxb2+ 28. Kd1 Bxf3+ 29. Ke1 Qe2# 0-1

[Event "Johannesburg Sandton op"]
[Site "Johannesburg"]
[Date "2018.05.19"]
[Round "2"]
[White "Chappell, Adrian W"]
[Black "Waters, Anre"]
[Result "1/2-1/2"]
[WhiteElo "1841"]
[BlackElo "1617"]
[PlyCount "81"]
[EventDate "2018.05.19"]
[EventType "swiss"]
[EventRounds "10"]
[EventCountry "RSA"]
[SourceTitle "CBM 184 Extra"]
[Source "ChessBase"]
[SourceDate "2018.06.28"]
[SourceVersion "1"]
[SourceVersionDate "2018.06.28"]
[SourceQuality "1"]

1. e4 c6 2. d4 d5 3. e5 Bf5 4. Nf3 e6 5. Be2 c5 6. Be3 Qb6 7. b3 Nc6 8. 0-0 cxd4 9. Nxd4 Nxd4 10. Bxd4 Bc5 11. Bb2 Ne7 12. Nc3 0-0 13. Na4 Qc7 14. Nxc5 Qxc5 15. Rc1 Nc6 16. Kh1 Rad8 17. a3 a5 18. f4 Rd7 19. Bd3 Ne7 20. Bxf5 Nxf5 21. Qd3 Rfd8 22. g4 Ne3 23. Bd4 Qc6 24. Qxe3 Rc8 25. c3 b5 26. f5 Rdc7 27. f6 gxf6 28. Rxf6 b4 29. Qg5+ Kh8 30. Rcf1 Rg8 31. Qf4 bxc3 32. Rxf7 Rxf7 33. Qxf7 c2 34. Qf6+ Rg7 35. Bb2 d4+ 36. Kg1 d3 37. Bc1 Qc5+ 38. Kg2 Qd5+ 39. Kh3 d2 40. Qf8+ Rg8 41. Qf6+ 1/2-1/2

[Event "Johannesburg Sandton op"]
[Site "Johannesburg"]
[Date "2018.05.19"]
[Round "3"]
[White "Waters, Anre"]
[Black "Swartz, David Saul"]
[Result "0-1"]
[WhiteElo "1617"]
[BlackElo "1954"]
[PlyCount "80"]
[EventDate "2018.05.19"]
[EventType "swiss"]
[EventRounds "10"]
[EventCountry "RSA"]
[SourceTitle "CBM 184 Extra"]
[Source "ChessBase"]
[SourceDate "2018.06.28"]
[SourceVersion "1"]
[SourceVersionDate "2018.06.28"]
[SourceQuality "1"]

1. d4 d5 2. Nf3 Nf6 3. b3 Bf5 4. Bb2 e6 5. e3 Nbd7 6. Bd3 Bg6 7. Nbd2 Be7 8. 0-0 Ne4 9. Ne5 Nxe5 10. dxe5 0-0 11. Nxe4 dxe4 12. Bc4 c6 13. Qxd8 Rfxd8 14. Rad1 Bh5 15. Rd4 Bc5 16. Rxe4 Bg6 17. Rf4 Bxc2 18. Bd4 Be7 19. Rc1 Bf5 20. h4 g5 21. hxg5 Bxg5 22. Rf3 Rxd4 23. Rxf5 exf5 24. f4 Rxc4 25. Rxc4 Be7 26. Rd4 Rd8 27. Kf2 Rxd4 28. exd4 Kf8 29. Ke3 Ke8 30. Kf3 Kd7 31. g4 Ke6 32. g5 Kd5 33. Ke3 Ba3 34. Kf3 Bc1 35. Kg3 Kxd4 36. Kh4 Bxf4 37. Kh5 Bxe5 38. Kh6 Bf4 39. Kxh7 Bxg5 40. Kg7 f4 0-1

[Event "Johannesburg Redpath op"]
[Site "Johannesburg"]
[Date "2016.07.15"]
[Round "4"]
[White "Arjunan, Zander"]
[Black "Waters, Anre"]
[Result "0-1"]
[WhiteElo "715"]
[BlackElo "1537"]
[PlyCount "44"]
[EventDate "2016.07.13"]
[EventType "swiss"]
[EventRounds "9"]
[EventCountry "RSA"]
[SourceTitle "CBM 173 Extra"]
[Source "ChessBase"]
[SourceDate "2016.08.29"]
[SourceVersion "1"]
[SourceVersionDate "2016.08.29"]
[SourceQuality "1"]

1. e4 c5 2. Nf3 d6 3. Bc4 e6 4. 0-0 Nf6 5. Nc3 Nc6 6. d3 Be7 7. Be3 0-0 8. Qd2 a6 9. a4 Bd7 10. b3 Na5 11. e5 Nxc4 12. dxc4 dxe5 13. Nxe5 Qc7 14. Bf4 Bd6 15. Rfe1 Ng4 16. Nd3 Bxf4 17. Nxf4 Bc6 18. Nh5 Qxh2+ 19. Kf1 Qxg2+ 20. Ke2 Qf3+ 21. Kf1 Nh2+ 22. Kg1 Qg2# 0-1

[Event "RSA-chT U20"]
[Site "Cape Town"]
[Date "2016.01.05"]
[Round "4.3"]
[White "Matebesi, Aobakwe"]
[Black "Waters, Anre"]
[Result "0-1"]
[WhiteElo "935"]
[BlackElo "1339"]
[PlyCount "104"]
[EventDate "2016.01.04"]
[EventType "team-tourn"]
[EventRounds "7"]
[EventCountry "RSA"]
[SourceTitle "CBM 170 Extra"]
[Source "ChessBase"]
[SourceDate "2016.02.25"]
[SourceVersion "1"]
[SourceVersionDate "2016.02.25"]
[SourceQuality "1"]
[WhiteTeam "Bojanala Platina"]
[BlackTeam "Ekurhuleni"]
[WhiteTeamCountry "RSA"]
[BlackTeamCountry "RSA"]

1. e4 c5 2. Nc3 g6 3. Nf3 Bg7 4. Ng5 e6 5. d3 Nc6 6. Qf3 Nf6 7. Bf4 Nd4 8. Qd1 d6 9. e5 dxe5 10. Bxe5 0-0 11. Bxf6 Qxf6 12. Nf3 Nxf3+ 13. Qxf3 Qxf3 14. gxf3 Bxc3+ 15. bxc3 b6 16. d4 Bb7 17. Bg2 Rad8 18. Rd1 Rd7 19. 0-0 Rfd8 20. f4 Bxg2 21. Kxg2 cxd4 22. cxd4 Rxd4 23. Rxd4 Rxd4 24. Kg3 Rd2 25. Rc1 Kg7 26. Kf3 Kf6 27. a4 Rd4 28. Ra1 Kf5 29. a5 Rxf4+ 30. Ke3 Rc4 31. axb6 axb6 32. Kd3 Rc7 33. c4 Kg4 34. Kd4 f6 35. Rc1 e5+ 36. Kd5 Rc5+ 37. Ke6 b5 38. Kd6 Rxc4 39. Rxc4+ bxc4 40. Kd5 c3 41. Ke6 c2 42. Kxf6 c1Q 43. Kxe5 Qf4+ 44. Ke6 Qxf2 45. Ke7 Qf5 46. h3+ Kf4 47. h4 h5 48. Ke8 Qf6 49. Kd7 Ke5 50. Ke8 Qg7 51. Kd8 Kd6 52. Kc8 Qc7# 0-1

[Event "RSA-chT U20"]
[Site "Cape Town"]
[Date "2016.01.04"]
[Round "1.3"]
[White "Nzimande, Cruez"]
[Black "Waters, Anre"]
[Result "1/2-1/2"]
[WhiteElo "1476"]
[BlackElo "1339"]
[PlyCount "107"]
[EventDate "2016.01.04"]
[EventType "team-tourn"]
[EventRounds "7"]
[EventCountry "RSA"]
[SourceTitle "CBM 170 Extra"]
[Source "ChessBase"]
[SourceDate "2016.02.25"]
[SourceVersion "1"]
[SourceVersionDate "2016.02.25"]
[SourceQuality "1"]
[WhiteTeam "Johannesburg Metro"]
[BlackTeam "Ekurhuleni"]
[WhiteTeamCountry "RSA"]
[BlackTeamCountry "RSA"]

1. e4 c5 2. Nf3 g6 3. g3 Bg7 4. Bg2 Nc6 5. 0-0 Nf6 6. d3 0-0 7. Re1 d6 8. c3 Bg4 9. h3 Bxf3 10. Bxf3 Ne5 11. Bg2 c4 12. dxc4 Nxc4 13. Nd2 Ne5 14. Nf3 Nxf3+ 15. Bxf3 Nd7 16. Be3 Ne5 17. Bg2 Nc4 18. b3 Nxe3 19. Rxe3 Rc8 20. Rc1 Qa5 21. Qd2 Rc7 22. b4 Qa3 23. c4 Qb2 24. Rc2 Qd4 25. Rd3 Qb6 26. a4 Qa6 27. c5 Rfc8 28. Ra2 Qc4 29. cxd6 Rd7 30. h4 Rxd6 31. Rxd6 exd6 32. Bh3 Qc1+ 33. Kg2 Qxd2 34. Rxd2 Rc4 35. Rxd6 Rxe4 36. Rd8+ Bf8 37. Ra8 a6 38. b5 Rxa4 39. bxa6 bxa6 40. Bd7 Ra2 41. Bc6 Kg7 42. Ra7 Bc5 43. Rxf7+ Kxf7 44. Bd5+ Kg7 45. Bxa2 a5 46. f3 a4 47. g4 a3 48. h5 g5 49. Kf1 h6 50. Ke2 Kf6 51. Kd3 Ke5 52. Kc2 Kd4 53. Kb1 Kd3 54. Bd5 1/2-1/2

[Event "Johannesburg Tsogo Sun op"]
[Site "Johannesburg"]
[Date "2015.07.16"]
[Round "3"]
[White "Waters, Anre"]
[Black "Solomon, Kenny"]
[Result "0-1"]
[WhiteElo "1551"]
[BlackElo "2382"]
[PlyCount "78"]
[EventDate "2015.07.15"]
[EventType "swiss"]
[EventRounds "9"]
[EventCountry "RSA"]
[SourceTitle "CBM 167 Extra"]
[Source "ChessBase"]
[SourceDate "2015.09.14"]
[SourceVersion "1"]
[SourceVersionDate "2015.09.14"]
[SourceQuality "1"]

1. d4 Nf6 2. e3 g6 3. f4 Bg7 4. Bd3 c5 5. c3 cxd4 6. exd4 0-0 7. Nf3 b6 8. 0-0 Ba6 9. Qe2 Bxd3 10. Qxd3 e6 11. Nbd2 d6 12. Re1 Nbd7 13. b3 Nd5 14. g3 Rc8 15. Bb2 Qc7 16. Rac1 N7f6 17. Ne4 Nxe4 18. Qxe4 Qd7 19. Nh4 b5 20. f5 gxf5 21. Nxf5 Nf6 22. Qf4 exf5 23. Re2 Rfe8 24. Rce1 Rxe2 25. Rxe2 Re8 26. Rxe8+ Qxe8 27. Qxd6 Ng4 28. Qf4 Qe1+ 29. Qf1 Qd2 30. Qg2 Qd1+ 31. Qf1 Qc2 32. Qg2 Qb1+ 33. Qf1 Qxb2 34. Qg2 Qc1+ 35. Qf1 Qd2 36. Qg2 Qe3+ 37. Kf1 Qc1+ 38. Ke2 Qc2+ 39. Kf1 Qd1# 0-1